Power for living. (Record no. 12745)

000 -LEADER
fixed length control field 00540nam a2200181 a 4500
001 - CONTROL NUMBER
control field :::00010559$&:&@@
003 - CONTROL NUMBER IDENTIFIER
control field OkBaRHE
005 - DATE AND TIME OF LATEST TRANSACTION
control field 20000607103400.0
008 - FIXED-LENGTH DATA ELEMENTS--GENERAL INFORMATION
fixed length control field s1983 j 000 0 eng u
040 ## - CATALOGING SOURCE
Transcribing agency
245 10 - TITLE STATEMENT
Title Power for living.
260 ## - PUBLICATION, DISTRIBUTION, ETC. (IMPRINT)
Place of publication, distribution, etc Atlanta, GA., :
Name of publisher, distributor, etc American Vision
Date of publication, distribution, etc c1983
300 ## - PHYSICAL DESCRIPTION
Extent 133 p. : illus. ;
Dimensions 20 cm.
650 ## - SUBJECT ADDED ENTRY--TOPICAL TERM
Topical term or geographic name as entry element Christian Life
700 ## - ADDED ENTRY--PERSONAL NAME
Personal name Arthur S. DeMoss Foundation.
942 ## - ADDED ENTRY ELEMENTS (KOHA)
Source of classification or shelving scheme
Koha item type Books
Copies
Full call number Koha item type Copy number Date acquired Lost status Not for loan Permanent Location Withdrawn status Price effective from Barcode Damaged status Shelving location Date last seen Source of classification or shelving scheme
BV 4501 .P6Books12010-04-14  RHEMA Bible Training College 2010-04-1410559 General Stacks2010-04-14